000 00935nam a2200241Ia 4500
001 10597
003 GE_BSU
008 181216s||||||||xx |||||||||||||| ||und||
020 _a9789941104787
040 _cGE_BSU
080 _a347.9(479.22)
100 _aქურდაძე,შალვა; ხუნაშვილი,ნინო.
245 _aსაქართველოს სამოქალაქო საპროცესო სამართალი.
245 _cრედ:რომან შენგელია.
260 _aთბილისი.
260 _bმერიდიანი.
260 _c2012.
300 _a756გვ;25სმ.
300 _cბიბლიოგრ. ტექსტ. შენიშვნ.
541 _h45ლ.
653 _aსაქართველოს სამოქალაქო საპროცესო სამართალი.
942 _cBK
999 _c43849
_d43849